Nositelé Nobelovy ceny za ekonomii 2000

Informácia o nositeľovi Nobelovej ceny z roku 2000 Jamesovi Josephovi Heckmanovi za rozvoj teórie a metód analýzy výberových vzorkov dát a Danielovi Little McFaddenovi za rozvoj teórie a metód analýzy diskrétnej voľby.

Salvato in:
Dettagli Bibliografici
Autore principale: Sirůček, Pavel
Natura: Capitolo di libro
Lingua:ceco
Soggetti:
Tags: Aggiungi Tag
Nessun Tag, puoi essere il primo ad aggiungerne!!

MARC

LEADER 00000naa$a2200000$$$4500
001 0109583
005 20231116104812.1
041 0 |a cze 
044 |a CZ 
245 1 0 |a Nositelé Nobelovy ceny za ekonomii 2000  |c Pavel Sirůček 
520 |a Informácia o nositeľovi Nobelovej ceny z roku 2000 Jamesovi Josephovi Heckmanovi za rozvoj teórie a metód analýzy výberových vzorkov dát a Danielovi Little McFaddenovi za rozvoj teórie a metód analýzy diskrétnej voľby. 
610 2 0 |a Nobelova cena 
610 2 0 |a veda ekonomická 
610 2 0 |a Heckman, J. 
610 2 0 |a McFadden, D. 
610 2 0 |a ekonometria 
100 1 |a Sirůček, Pavel